[Event "Lyon Open"]
[Site "Lyon FRA"]
[Date "1995.??.??"]
[Round "4"]
[White "Olivier, Jean-Christophe"]
[Black "Hauchard, Arnaud"]
[Result "1-0"]
[WhiteElo "2360"]
[BlackElo "2445"]
[PlyCount "71"]
[EventDate "1995.??.??"]
[Source "www.chesslib.no"]
[SourceDate "2004.05.04"]

1. e4 Nf6 2. e5 Nd5 3. c4 Nb6 4. d4 d6 5. f4 dxe5 6. fxe5 g6 7. Nc3 Bg7 8. c5 Nd5 9. Bc4 Nxc3 10. bxc3 O-O 11. Nf3 Nc6 12. a4 Na5 13. Ba2 b6 14. O-O Ba6 15. Ng5 Bxf1 16. Qxf1 Qe8 17. Qf3 Rb8 18. Qh3 h6 19. Nf3 Kh7 20. Ng5+ Kg8 21. Nf3 Kh7 22. Ng5+ Kg8 23. Nf3 Kh7 24. g4 f6 25. Bxh6 Bxh6 26. g5 fxg5 27. Nxg5+ Kg7 28. Ne6+ Kh7 29. Nxf8+ Qxf8 30. Rf1 Qg7 31. Rf7 bxc5 32. Rxg7+ Kxg7 33. Qe6 Bg5 34. Kg2 cxd4 35. cxd4 Rb6 36. Qg8+ 1-0

[Event "WchT U26"]
[Site "Maringa"]
[Date "1991.??.??"]
[Round "1"]
[White "Nogueira, Nelson"]
[Black "Sanchez Almeyra, Jorge"]
[Result "0-1"]
[WhiteElo "2375"]
[BlackElo "2430"]
[PlyCount "78"]
[EventDate "1991.??.??"]
[Source "www.chesslib.no"]
[SourceDate "2004.05.04"]

1. e4 Nf6 2. e5 Nd5 3. c4 Nb6 4. d4 d6 5. f4 dxe5 6. fxe5 c5 7. d5 e6 8. Nc3 exd5 9. cxd5 c4 10. Nf3 Bb4 11. Bxc4 Bxc3+ 12. bxc3 Nxc4 13. Qa4+ Nd7 14. Qxc4 O-O 15. d6 Qa5 16. Bf4 Nb6 17. Qd3 Na4 18. O-O Qxc3 19. Qb1 Qc5+ 20. Kh1 h6 21. Rc1 Qd5 22. Rc7 Nc5 23. Qc2 Ne6 24. Rd1 Qa5 25. Bd2 Qb5 26. a4 Qe2 27. Re1 Qf2 28. d7 Nxc7 29. Qxc7 Bxd7 30. Be3 Qa2 31. Qxd7 Rac8 32. Nd4 Rfd8 33. Qf5 Qxa4 34. e6 Qe8 35. Qg4 fxe6 36. Nxe6 Rd7 37. Bxh6 Rc6 38. Bxg7 Qxe6 39. Bf6+ Qxg4 0-1

[Event "Budapest FS09 IM-B"]
[Site "Budapest"]
[Date "2000.09.06"]
[Round "5"]
[White "Turzo, Attila"]
[Black "Seres, Lajos"]
[Result "1/2-1/2"]
[WhiteElo "2360"]
[BlackElo "2444"]
[PlyCount "61"]
[EventDate "2000.09.02"]
[Source "ChessBase"]
[SourceDate "2000.11.10"]

1. e4 Nf6 2. e5 Nd5 3. c4 Nb6 4. d4 d6 5. f4 dxe5 6. fxe5 Nc6 7. Be3 Bf5 8. Nf3 e6 9. Nc3 Be7 10. Be2 O-O 11. O-O f6 12. exf6 Bxf6 13. Qd2 Qe7 14. Rad1 Rad8 15. Qc1 Bg4 16. h3 Bxf3 17. Bxf3 Nxc4 18. Bxc6 bxc6 19. Ne4 Nxe3 20. Qxe3 Rd5 21. Nxf6+ Rxf6 22. Rxf6 Qxf6 23. Rc1 Qxd4 24. Qxd4 Rxd4 25. Rxc6 Rd2 26. Rxc7 Rxb2 27. Rxa7 h6 28. a4 Ra2 29. a5 Kh7 30. Re7 Rxa5 31. Rxe6 1/2-1/2